Teams That Have Never Played Above English Football's Fourth Tier - Statistics

General Stats
  • This quiz has been taken 346 times
  • The average score is 4 of 9
Answer Stats
First season in League Club % Correct
2024–25 Bromley
83%
2020–21 Harrogate Town
76%
2021–22 Sutton United
60%
2019–20 Salford City
52%
2008–09 Aldershot Town
39%
2002–03 Boston United
34%
2000–01 Kidderminster Harriers
32%
1989–90 Maidstone United
29%
1987–88 Scarborough
28%
No matching quizzes found
Score Distribution
Percent of People with Each Score
Percentile by Number Answered
Your Score History
You have not taken this quiz